QUEST Central Library Banner

Islamic Realism and 21st Century: (Record no. 9437)

MARC details
000 -LEADER
fixed length control field 00243nam a2200109 4500
082 ## - DEWEY DECIMAL CLASSIFICATION NUMBER
Classification number 297KHA
100 ## - MAIN ENTRY--AUTHOR NAME
Personal name Khan, Anwar
245 ## - TITLE STATEMENT
Title Islamic Realism and 21st Century:
260 ## - PUBLICATION, DISTRIBUTION, ETC. (IMPRINT)
Place of publication Islamabad:
Name of publisher Haq Trust,
Year of publication 1991.
300 ## - PHYSICAL DESCRIPTION
Number of Pages 226p. ;
942 ## - ADDED ENTRY ELEMENTS (KOHA)
Koha item type Books
Holdings
Withdrawn status Lost status Collection code Home library Current library Date acquired Cost, normal purchase price Full call number Accession Number Koha item type
    Reference Reference Section Reference Section 05/09/2014 350.00 297KHA (Shelf - 16B) 18518 Books

Copyright © 2018,The QUEST, Nawabshah, Shaheed Benazirabad. All rights reserved
Mr. G. Farooq Channar (Librarian) QUEST, Nawabshah, Sindh, Pakistan 67480.
 Ph#: |   0244-9370381-4 Ext. 2308   Email| lib@quest.edu.pk   Web|  http://www.quest.edu.pk